| 000 | 01155nam a22002777a 4500 | ||
|---|---|---|---|
| 001 | BR9202929 | ||
| 003 | BR-BrBNA | ||
| 005 | 20230928093639.0 | ||
| 007 | ta | ||
| 008 | 230509b bl.||||| |||| 00| 0 por d | ||
| 040 |
_aBR-BrBNA _bpor _cBiblioteca Nacional de Agricultura |
||
| 041 | _a(Por) | ||
| 072 |
_aL73; L70 _b4110 |
||
| 090 | _ 4110 BR9202929 | ||
| 100 | 1 | _aOliveira, M.B.C. de | |
| 110 | 1 |
_aUniversidade de Sao Paulo, Sao Paulo (Brasil). Faculdade de Medicina Veterinaria e Zootecnia _0Tese (Mestrado) |
|
| 245 | 1 | _aNovo adjuvante em vacina contra a doenca de Newcastle: avaliacao do perfil imunologico humoral atraves dos testes de inibicao da hemaglutinacao e ELISA e resistencia ao desafio | |
| 246 | 1 | _aNew adjuvant in Newcastle disease vaccine: evaluation of the humoral immunologic profile by hemagglutination inhibition (HI)and ELISA test and resistance to challenge | |
| 260 | 3 |
_aSao Paulo, SP (Brasil): _c1990. |
|
| 300 | _a110 p. | ||
| 500 | _a8 illus.; 10 tables; Bibliography p. 84-95 (84 ref.); Summaries (Eng, Por) | ||
| 650 | _aNEWCASTLE | ||
| 650 | _aVACINA | ||
| 909 |
_a202309 _bLucia _c55 _dLucia Elande |
||
| 942 | _cBK | ||
| 999 |
_c46242 _d46242 |
||